000 00704nam a2200229 a 4500
001 BRL_712
005 20190320210849.0
008 300913s19uu----mx-#######---#000-0#spa-#
041 _aspa
044 _amx
050 4 _aPG3464.E8
_b.G67 1900
100 1 _aGorki, Maximo
_d1868-1936
_924713
245 1 0 _aTormenta sobre la Ciudad
_cMaximo Gorki ; traducción de Adriana Ponce de Fuenzalida.
260 _aMéxico, D.F.
_bEditorial León
_c[19--]
300 _a114 p.
_c19 cm.
500 _aAu801
500 _aEstado físico: Tien desprendida una parte del lomo.
650 1 4 _aLiteratura rusa
_vNovela
_924714
700 1 _aPonce de Fuenzalida, Adriana
_etr.
_924715
902 _aGRL
942 _2lcc
_cB
999 _c9524
_d9524